000
00321nam a2200133Ia 4500
008
191201s2019 xx 000 0 und d
082
_a
677.02862
_b
HEY
100
_a
HEARLE, JWS
245
0
_a
Yarn Texturing Technology
260
_a
N.Delhi
_b
Textile Institute
300
_a
300
650
_a
B.Tech(TE)
942
_2
ddc
_c
BK
999
_c
3877
_d
3877